01487 2200433 4500001002100000005001500021035002000036007000300056008004100059020002200100082001400122084001600136100003600152245025300188250003300441300003200474650000900506264003400515336002100549337003000570338002300600040002200623090002200645850001200667999002200679504003300701440002900734500001100763700002700774700003200801700002800833700003000861700003100891700002500922700003100947700002300978700003001001990002201031INLIS00000000087836020230508021514 a0010-0523000237ta230508s2022 yoi g 1 | eng d a978-623-261-434-504223a128.2 a128.2 AZH r0 aAzhari Aziz Samudra,ePengarang10aReason :bunravel the veil about the uniqueness of reason (revealing the unsolved phenomena for 14 centuries) /cAzhari Aziz Samudra, Setia Budi, Tri Kurnia Dewi, Erga David, Ladoni Amiro, Maulana Putra, Sunarto, Ketut Maryono, Yanto, Hadi Suyatman a1st Edition, August 01, 2022 axviii, 268 halaman ;c20 cm 4aAkal31aBantul :bSamudra Biru,c2022 2rdacontentateks 2rdamediaatanpa perantara 2rdacarrieravolume aYOPDYOGbinderda aCB-D.11 2022-3326 aYOPDYOG aCB-D.11/2022-3326 aBibliografi: halaman 253-255 aSeri pendidikan karakter aindeks0 aSetia Budi,ePengarang0 aTri Kurnia Dewi,ePengarang0 aErga David,ePenyunting0 aLadoni Amiro,ePenyunting0 aMaulana Putra,ePenyunting0 aSunarto,ePenyunting0 aKetut Maryono,ePenyunting0 aYanto,ePenyunting0 aHadi SuyatmanePenyunting aCB-D.11/2022-3326